000
00244 a2200109 4500
001
68595
040
_c
Anchieta - Itaigara
240
1
0
_a
Inverno em Yellowstone
_l
245
1
0
_a
Inverno em Yellowstone
650
4
_a
Geografia e viagens
942
_c
MX
999
_c
68595
_d
68595